| 000 | 00871nam a2200265 a 4500 | ||
|---|---|---|---|
| 001 | 43550 | ||
| 003 | BD-RjUL | ||
| 005 | 20211209053720.0 | ||
| 008 | 160623s1947 enkb b 00010 eng d | ||
| 035 | _a(BD-RjUL)43668 | ||
| 035 | _a594625 | ||
| 040 |
_dBD-RjUL _aBD-RjUL _beng _cBD-RjUL |
||
| 041 | _aeng | ||
| 082 | 0 |
_a909.82 _220 _bCOI 1947 |
|
| 100 | 1 |
_aCole, G. D. H. _q(George Douglas Howard), _d1889-1959. _9127557 |
|
| 245 | 1 | 4 |
_aThe intelligent man's guide to the post-war world / _cby G. D. H. Cole. |
| 260 |
_aLondon : _bV. Gollancz, _c1947 [impresion 1948] |
||
| 300 |
_a1143 p : _bill. ; _c19 cm. |
||
| 500 | _a"Select book list": p. 1093-1103. | ||
| 650 | 0 |
_aReconstruction (1939-1951) _9133786 |
|
| 650 | 0 |
_aWorld politics. _9133787 |
|
| 650 | 0 |
_aSocialism. _9133788 |
|
| 651 | 0 |
_aGreat Britain _xEconomic conditions _y1945-1993. _9133789 |
|
| 942 |
_2ddc _cBK |
||
| 999 |
_c43550 _d43550 |
||